Online katalóg knižníc regiónu Turca

Mŕtvy s narcismi ; Lord podvodník (Record no. 20843)

MARC details
000 -LEADER
fixed length control field 01087nam a2200349 a 4500
001 - CONTROL NUMBER
control field 20843
003 - CONTROL NUMBER IDENTIFIER
control field VRT
005 - DATE AND TIME OF LATEST TRANSACTION
control field 20260205152448.0
008 - FIXED-LENGTH DATA ELEMENTS--GENERAL INFORMATION
fixed length control field 960730s1987 xo a g 000 1 slo c
035 ## - SYSTEM CONTROL NUMBER
System control number UKB000204067
039 #9 - LEVEL OF BIBLIOGRAPHIC CONTROL AND CODING DETAIL [OBSOLETE]
Level of rules in bibliographic description 202206071507
Level of effort used to assign nonsubject heading access points gluc
040 ## - CATALOGING SOURCE
Original cataloging agency BAA001
Language of cataloging slo
Transcribing agency BAA001
Description conventions AACR2
041 1# - LANGUAGE CODE
Language code of text/sound track or separate title slo
Language code of original eng
044 ## - COUNTRY OF PUBLISHING/PRODUCING ENTITY CODE
MARC country code xo
ISO country code SK
084 ## - OTHER CLASSIFICATION NUMBER
Classification number W 6(4VB)-644.61
Number source UKB
100 1# - MAIN ENTRY--PERSONAL NAME
Personal name Wallace, Edgar,
Dates associated with a name 1875-1932
245 10 - TITLE STATEMENT
Title Mŕtvy s narcismi ; Lord podvodník
Statement of responsibility, etc. Edgar Wallace ; z angl. orig. prel. a upr. Miloš Hudec.Lord Podvodnik 2.Vyd.
260 ## - PUBLICATION, DISTRIBUTION, ETC.
Place of publication, distribution, etc. Bratislava
Name of publisher, distributor, etc. Smena
Date of publication, distribution, etc. 1987
300 ## - PHYSICAL DESCRIPTION
Extent 338 s.
490 1# - SERIES STATEMENT
Series statement Labyrint
Volume/sequential designation zv. 131
500 ## - GENERAL NOTE
General note Rozlož. tit. list
500 ## - GENERAL NOTE
General note Orig. názvy: Daffodil Mystery ; Grey Timothy
700 1# - ADDED ENTRY--PERSONAL NAME
Personal name Hudec, Miloš
Relationship trl
740 02 - ADDED ENTRY--UNCONTROLLED RELATED/ANALYTICAL TITLE
Uncontrolled related/analytical title Lord podvodník
830 #0 - SERIES ADDED ENTRY--UNIFORM TITLE
Uniform title Labyrint
910 ## - USER-OPTION DATA (OCLC)
User-option data ukb
942 ## - ADDED ENTRY ELEMENTS (KOHA)
Source of classification or shelving scheme Dewey Decimal Classification
Koha item type Krásna literatúra pre dospelých
Suppress in OPAC No
949 ## - LOCAL PROCESSING INFORMATION (OCLC)
6 204067-30
a 30.D.08168
b KD.1605-87
949 ## - LOCAL PROCESSING INFORMATION (OCLC)
6 204067-10
a 30.D.08168
b PV.6795-87
949 ## - LOCAL PROCESSING INFORMATION (OCLC)
6 204067-20
a SL.D.03186
b PV.6796-87
949 ## - LOCAL PROCESSING INFORMATION (OCLC)
6 204067-40
a 30.D.08168
b KD.1606-87
s 4700:20121205
Holdings
Stav vyradenia Strata Poškodenie Spôsob nadobudnutia Domovská knižnica Aktuálna knižnica Dátum nadobudnutia Total checkouts Čiarový kód exemplára Date last seen Typ exemplára
      Dar Obecná knižnica Horná Štubňa Obecná knižnica Horná Štubňa 05.02.2026   4736200969 05.02.2026 Krásna literatúra pre dospelých
Projekt je podporený Slovenskou asociáciou knižníc
Prevádzkuje Turčianska knižnica Martin 2026